Loading...
| History - World History | 0 | 4 | 0 | 0 | 40 | 28 | 35.50 | 4 | 4 |
| History - Other History | 0 | 4 | 0 | 0 | 40 | 62 | 67.50 | 3 | 4 |
| Mythology | 0 | 3 | 0 | 0 | 30 | 82 | 87.33 | 0 | 2 |
| Religion | 0 | 3 | 0 | 0 | 30 | 35 | 63.67 | 2 | 3 |
| Philosophy | 0 | 3 | 0 | 1 | 30 | 78 | 94.33 | 1 | 3 |
| Science - Other Science | 0 | 3 | 0 | 1 | 30 | 101 | 107.33 | 0 | 2 |
| Social Science | 0 | 3 | 1 | 0 | 25 | 27 | 56.33 | 2 | 3 |
| History - European History | 0 | 3 | 1 | 1 | 25 | 74 | 103.33 | 1 | 1 |
| History - American History | 0 | 2 | 0 | 1 | 20 | 36 | 77.50 | 1 | 2 |
| Geography/Current Events | 0 | 2 | 0 | 0 | 20 | 29 | 46.50 | 2 | 2 |
| Other Academic | 0 | 1 | 0 | 0 | 10 | 26 | 26.00 | 1 | 1 |
| Science - Biology | 0 | 1 | 0 | 0 | 10 | 27 | 27.00 | 1 | 1 |
| Fine Arts - Classical Music | 0 | 1 | 1 | 0 | 5 | 107 | 107.00 | 0 | 0 |
| Fine Arts - Visual Fine Arts | 0 | 0 | 1 | 0 | -5 | 0.00 | 0 | 0 |